000 00730nam a22002177a 4500
005 20160802122935.0
010 _aENG-115616
020 _a9789351437475
_c250.00
035 _aEN-99148
037 _bDBAD/PUB
082 _a658.4012
100 _aTrivedi,Om S.
245 _aUnderstanding strategic management a self -study module :
_cby Om S Trivedi ;edited by Eesha Narang
_b[for CA intermediate (IPC) Course] /
250 _a5th ed.
260 _aGurgaon
_bLexis Nexis
_c2016
270 _a14th Floor, Building No.10, Tower-B, DLF Cyber City, Phase-II
_bGurgaon
_e122002
300 _axxx,1181p.
_c28cm(pbk)
500 _aIncludes index
700 _aNarang,Eesha
942 _2ddc
_cEN
_mTRI
_h658.4012
999 _c101730
_d101730